عرض عادي
عرض مارك
- التصوير الرقمي.
مدخل إسم شخص
001 - رقم الضبط
- حقل الضبط: 3214
003 - معرف رقم الضبط
- حقل الضبط: OSt
005 - تاريخ ووقت أخر عملية
- حقل الضبط: 20110825142345.0
008 - عناصر بيانات ثابتة الطول
- حقل تحكم ثابت الطول: 110825|||a|||||| | ||| d
040 ## - مصدر الفهرسة
- هيئة الفهرسة الأصلية: OSt
- وكالة الكتابة: OSt
100 ## - مدخل -- أسم شخص
- إسم شخص: التصوير الرقمي.
670 ## - بيانات المصدر موجوده
- الاستشهاد بالمصدر: Work cat.: (OSt): كيلبي، سكوت. 3192, أسرار التصوير الرقمي =
